000 00835cam a22002773a 4500
001 7265
003 PGUSA
005 20140828083142.0
008 050101s2005||||xxu|||||s|||||000 1 eng d
040 _aPGUSA
_beng
042 _adc
050 4 _aPR
100 1 _aThackeray, William Makepeace,
_d1811-1863
245 1 4 _aThe History of Pendennis
_h[electronic resource] /
_cWilliam Makepeace Thackeray
260 _bProject Gutenberg,
_c2005
506 _aPublic domain in the USA.
516 _aElectronic text
653 _aBildungsromans
653 _aAutobiographical fiction
653 _aYoung men -- Fiction
653 _aHumorous stories
653 _aGreat Britain -- History -- Victoria, 1837-1901 -- Fiction
830 0 _aProject Gutenberg
_v7265
856 4 0 _uhttp://www.gutenberg.org/ebooks/7265
942 _cEB
999 _c236585
_d236585